[Event "Verbandsliga Nordbaden 1516"]
[Site "Baden"]
[Date "2016.03.06"]
[Round "7.4"]
[White "Brandenburger, Uwe"]
[Black "Golf, Ekkehard"]
[Result "0-1"]
[WhiteElo "2024"]
[BlackElo "2167"]
[PlyCount "62"]
[EventDate "2015.09.27"]
[EventType "team-tourn"]
[EventRounds "9"]
[EventCountry "GER"]
[SourceTitle "EXT 2022"]
[Source "ChessBase"]
[SourceDate "2021.10.06"]
[SourceVersion "1"]
[SourceVersionDate "2021.10.06"]
[SourceQuality "1"]
[WhiteTeam "Lindenhof"]
[BlackTeam "Viernheim II"]
[WhiteTeamCountry "GER"]
[BlackTeamCountry "GER"]

1. d4 e6 2. c4 d5 3. Nf3 c6 4. e3 f5 5. Nc3 Nf6 6. Bd3 Bd6 7. Bd2 0-0 8. Qe2 Bd7 9. h3 Kh8 10. c5 Bc7 11. Ne5 Ne4 12. Bxe4 fxe4 13. Nxd7 Nxd7 14. 0-0 Qh4 15. Qg4 Qe7 16. f4 exf3 17. Rxf3 Rxf3 18. gxf3 e5 19. b4 Rf8 20. Kf2 Nf6 21. Qg5 h6 22. Qg6 exd4 23. exd4 Ne4+ 24. Nxe4 dxe4 25. f4 Bxf4 26. Bxf4 Rxf4+ 27. Ke2 Qf8 28. Qg1 Qf7 29. Kd2 Rf2+ 30. Ke1 e3 31. a4 Qc4 0-1

[Event "BL2-Sued 1516"]
[Site "Germany"]
[Date "2016.01.31"]
[Round "6.8"]
[White "Cofman, Veaceslav"]
[Black "Golf, Ekkehard"]
[Result "1-0"]
[WhiteElo "2163"]
[BlackElo "2168"]
[PlyCount "73"]
[EventDate "2015.09.20"]
[EventType "team-tourn"]
[EventRounds "9"]
[EventCountry "GER"]
[SourceTitle "EXT 2017"]
[Source "ChessBase"]
[SourceDate "2016.10.25"]
[SourceVersion "1"]
[SourceVersionDate "2016.10.25"]
[SourceQuality "1"]
[WhiteTeam "Untergrombach"]
[BlackTeam "Viernheim"]
[WhiteTeamCountry "GER"]
[BlackTeamCountry "GER"]

1. Nf3 d5 2. b3 c5 3. Bb2 Nc6 4. d4 Bf5 5. e3 Nf6 6. Bd3 Bxd3 7. cxd3 e6 8. 0-0 Rc8 9. dxc5 Bxc5 10. Nbd2 0-0 11. d4 Be7 12. a3 Qb6 13. Rc1 Rc7 14. Qe2 Rfc8 15. Qd3 Ne4 16. b4 Nxd2 17. Nxd2 a5 18. b5 Na7 19. a4 Bb4 20. Nb3 Rxc1 21. Rxc1 Rxc1+ 22. Nxc1 Qc7 23. e4 Nc8 24. exd5 exd5 25. Qe2 Qe7 26. Qxe7 Nxe7 27. Nd3 Nc8 28. Nc5 Nd6 29. Bc1 Kf8 30. Bf4 Bxc5 31. dxc5 Nc4 32. b6 Ke7 33. c6 Nxb6 34. cxb7 Nd7 35. b8Q Nxb8 36. Bxb8 Kd7 37. Be5 1-0

[Event "Verbandsliga Nordbaden 1516"]
[Site "Baden"]
[Date "2016.01.24"]
[Round "5.5"]
[White "Golf, Ekkehard"]
[Black "Reimold, Jonas"]
[Result "0-1"]
[WhiteElo "2167"]
[BlackElo "2023"]
[PlyCount "80"]
[EventDate "2015.09.27"]
[EventType "team-tourn"]
[EventRounds "9"]
[EventCountry "GER"]
[SourceTitle "EXT 2022"]
[Source "ChessBase"]
[SourceDate "2021.10.06"]
[SourceVersion "1"]
[SourceVersionDate "2021.10.06"]
[SourceQuality "1"]
[WhiteTeam "Viernheim II"]
[BlackTeam "Eppingen II"]
[WhiteTeamCountry "GER"]
[BlackTeamCountry "GER"]

1. e4 e5 2. Nf3 Nf6 3. Nxe5 d6 4. Nf3 Nxe4 5. Nc3 Nxc3 6. dxc3 Be7 7. Qd4 0-0 8. Bd3 Bf6 9. Qf4 Re8+ 10. Be3 Nd7 11. 0-0-0 Ne5 12. Nxe5 Rxe5 13. h4 Ra5 14. Kb1 Be6 15. a3 Qd7 16. Qb4 Ra4 17. Qxb7 Qd8 18. Qb5 Bd7 19. Qh5 h6 20. Bd4 Rb8 21. Kc1 c5 22. Bxf6 Qxf6 23. Rd2 Qd8 24. c4 Qa5 25. Re1 Rxa3 26. bxa3 Qxa3+ 27. Kd1 Qa1+ 28. Ke2 Re8+ 29. Kf3 Qxe1 30. Re2 Rxe2 31. Bxe2 Qc3+ 32. Bd3 Qf6+ 33. Ke3 Qd4+ 34. Kf3 Bc6+ 35. Kg3 Qe5+ 36. Qxe5 dxe5 37. c3 Ba4 38. Kf3 f6 39. Ke4 Bc6+ 40. Kf5 Kf7 0-1

[Event "BL2-Sued 1112"]
[Site "Germany"]
[Date "2011.10.23"]
[Round "2.8"]
[White "Koehler, Ronald"]
[Black "Golf, Ekkehard"]
[Result "1-0"]
[WhiteElo "2284"]
[BlackElo "2191"]
[PlyCount "67"]
[EventDate "2011.10.02"]
[EventType "team-tourn"]
[EventRounds "9"]
[EventCountry "GER"]
[SourceTitle "EXT 2015"]
[Source "ChessBase"]
[SourceDate "2014.11.20"]
[SourceVersion "1"]
[SourceVersionDate "2014.11.20"]
[SourceQuality "1"]
[WhiteTeam "Griesheim"]
[BlackTeam "Viernheim"]
[WhiteTeamCountry "GER"]
[BlackTeamCountry "GER"]

1. d4 e6 2. c4 d5 3. Nf3 c6 4. Nbd2 Nf6 5. e3 Bd6 6. Bd3 0-0 7. 0-0 Nbd7 8. e4 dxe4 9. Nxe4 Nxe4 10. Bxe4 Nf6 11. Bc2 h6 12. Re1 b6 13. Ne5 Bb7 14. Qd3 Re8 15. Bf4 Kf8 16. Rad1 Qc7 17. c5 Bxe5 18. Bxe5 Qd7 19. Bd6+ Kg8 20. Re3 a5 21. Rg3 Ba6 22. Qe3 Nd5 23. Qxh6 f5 24. Qg5 a4 25. Be5 Re7 26. Rh3 Be2 27. Re1 Bg4 28. Rh6 a3 29. bxa3 Rxa3 30. Bb3 bxc5 31. dxc5 Nc3 32. Rxe6 Rxb3 33. Rxe7 Ne2+ 34. Kh1 1-0

[Event "Verbandsliga Nord Baden 0910"]
[Site "Baden"]
[Date "2011.03.27"]
[Round "8.2"]
[White "Bodrozic, Tomislav"]
[Black "Golf, Ekkehard"]
[Result "1/2-1/2"]
[WhiteElo "2056"]
[BlackElo "2195"]
[PlyCount "109"]
[EventDate "2010.10.17"]
[EventType "team-tourn"]
[EventRounds "9"]
[EventCountry "GER"]
[SourceTitle "EXT 2012"]
[Source "ChessBase"]
[SourceDate "2011.11.24"]
[SourceVersion "1"]
[SourceVersionDate "2011.11.24"]
[SourceQuality "1"]
[WhiteTeam "Birkenfeld"]
[BlackTeam "Viernheim II"]
[WhiteTeamCountry "GER"]
[BlackTeamCountry "GER"]

1. e4 e6 2. d3 d5 3. Nd2 dxe4 4. dxe4 Bc5 5. Ngf3 Nf6 6. Be2 0-0 7. 0-0 Nc6 8. c3 Qe7 9. b4 Bd6 10. Qc2 Bf4 11. a4 Rd8 12. Ba3 Qe8 13. Nc4 b6 14. b5 Ne7 15. e5 Nfd5 16. g3 Bh6 17. Nd4 Bd7 18. a5 Nf5 19. Rfb1 Nxd4 20. cxd4 Rab8 21. axb6 axb6 22. Bc1 Bxc1 23. Qxc1 Ra8 24. Qb2 g6 25. Nd2 Qe7 26. Ne4 f5 27. exf6 Nxf6 28. Ng5 Nd5 29. Nf3 Rxa1 30. Rxa1 Qb4 31. Qxb4 Nxb4 32. Ra7 Rc8 33. Ne5 Be8 34. Bc4 Nd5 35. Kf1 Kf8 36. Ke1 Ke7 37. Kd2 Kd6 38. f4 Ne7 39. Kd3 h6 40. Ke3 Nd5+ 41. Kd3 g5 42. fxg5 hxg5 43. g4 Nf4+ 44. Ke3 Bg6 45. Nf3 Nh3 46. Bf1 Rh8 47. Ra2 Nf4 48. h3 Nd5+ 49. Kf2 Nc3 50. Ra3 Ne4+ 51. Kg2 Kd5 52. Bd3 Rf8 53. Nxg5 Nxg5 54. Bxg6 Kxd4 55. h4 1/2-1/2

[Event "BL2-Sued 0910"]
[Site "Germany"]
[Date "2010.03.21"]
[Round "8.4"]
[White "Mueller, Ralf1111"]
[Black "Golf, Ekkehard"]
[Result "1-0"]
[WhiteElo "2410"]
[BlackElo "2206"]
[PlyCount "59"]
[EventDate "2009.10.18"]
[EventType "team-tourn"]
[EventRounds "9"]
[EventCountry "GER"]
[SourceTitle "EXT 2011"]
[Source "ChessBase"]
[SourceDate "2010.11.26"]
[SourceVersion "1"]
[SourceVersionDate "2010.11.26"]
[SourceQuality "1"]
[WhiteTeam "Boeblingen"]
[BlackTeam "Viernheim"]
[WhiteTeamCountry "GER"]
[BlackTeamCountry "GER"]

1. Nf3 d5 2. d4 e6 3. c4 c6 4. e3 f5 5. Bd3 Nf6 6. b3 Bd6 7. a4 Na6 8. c5 Bc7 9. Bd2 Nb8 10. b4 0-0 11. Ne5 Nbd7 12. f4 Ne4 13. 0-0 Nxe5 14. dxe5 Qe7 15. Qc2 Bd7 16. Bxe4 fxe4 17. Nc3 b6 18. Ne2 bxc5 19. bxc5 Bc8 20. Nd4 Ba6 21. Rfe1 Qd7 22. Qd1 Bd3 23. Qg4 Rfe8 24. Bc3 Rab8 25. Ra2 Bc4 26. Rf2 Qe7 27. Nxc6 Qxc5 28. Nxb8 Bxb8 29. Bd4 Qa3 30. Ra1 1-0

[Event "BL2-Sued 0910"]
[Site "Germany"]
[Date "2010.01.24"]
[Round "5.8"]
[White "Tammert, Iamze"]
[Black "Golf, Ekkehard"]
[Result "1-0"]
[WhiteElo "2215"]
[BlackElo "2206"]
[PlyCount "115"]
[EventDate "2009.10.18"]
[EventType "team-tourn"]
[EventRounds "9"]
[EventCountry "GER"]
[SourceTitle "EXT 2011"]
[Source "ChessBase"]
[SourceDate "2010.11.26"]
[SourceVersion "1"]
[SourceVersionDate "2010.11.26"]
[SourceQuality "1"]
[WhiteTeam "Baden-Baden II"]
[BlackTeam "Viernheim"]
[WhiteTeamCountry "GER"]
[BlackTeamCountry "GER"]

1. c4 e6 2. Nf3 d5 3. b3 Nf6 4. Bb2 c5 5. e3 Nc6 6. d3 b6 7. Nbd2 Bb7 8. Be2 Be7 9. 0-0 0-0 10. Ne5 Qc7 11. Nxc6 Bxc6 12. Nf3 Nd7 13. Qc2 Rac8 14. Rac1 Qb8 15. Rfd1 Bf6 16. Bxf6 Nxf6 17. Qb2 Nd7 18. Nd2 Rfd8 19. Nb1 Nf6 20. cxd5 Nxd5 21. d4 cxd4 22. Rxd4 Bb7 23. Rcd1 Nf6 24. Qd2 Rxd4 25. Qxd4 h6 26. Na3 Nd5 27. Bc4 a6 28. e4 Nf6 29. Qxb6 Nxe4 30. f3 Nc5 31. Rd6 Qc7 32. Qxc7 Rxc7 33. b4 Na4 34. Bxa6 Nc3 35. Nb5 Nxb5 36. Bxb5 Rc1+ 37. Kf2 Rc2+ 38. Kg3 Rxa2 39. Rd8+ Kh7 40. Bd3+ f5 41. Bc4 Rb2 42. Bxe6 f4+ 43. Kxf4 Rxb4+ 44. Kg3 g6 45. Rb8 Rb5 46. Bc4 Rg5+ 47. Kf2 Bc6 48. Rc8 Ba4 49. Rc7+ Kh8 50. Bd3 Bb5 51. f4 Rh5 52. Bxg6 Rxh2 53. f5 Bd3 54. Kg3 Rh1 55. Kf4 Re1 56. Rh7+ Kg8 57. Rxh6 Re4+ 58. Kg5 1-0

[Event "BL2-Sued 0910"]
[Site "Germany"]
[Date "2009.12.13"]
[Round "4.6"]
[White "Golf, Ekkehard"]
[Black "Mueller, Reinhold"]
[Result "0-1"]
[WhiteElo "2206"]
[BlackElo "2262"]
[PlyCount "90"]
[EventDate "2009.10.18"]
[EventType "team-tourn"]
[EventRounds "9"]
[EventCountry "GER"]
[SourceTitle "EXT 2011"]
[Source "ChessBase"]
[SourceDate "2010.11.26"]
[SourceVersion "1"]
[SourceVersionDate "2010.11.26"]
[SourceQuality "1"]
[WhiteTeam "Viernheim"]
[BlackTeam "Saarbruecken"]
[WhiteTeamCountry "GER"]
[BlackTeamCountry "GER"]

1. e4 c5 2. Nf3 d6 3. d4 cxd4 4. Nxd4 Nf6 5. Nc3 g6 6. Be3 Bg7 7. f3 0-0 8. Qd2 Nc6 9. 0-0-0 d5 10. exd5 Nxd5 11. Nxc6 bxc6 12. Nxd5 cxd5 13. Bh6 Bxh6 14. Qxh6 Qa5 15. Kb1 Rb8 16. Bd3 Qc3 17. b3 a5 18. Qd2 Qxd2 19. Rxd2 e5 20. Re1 f6 21. a4 Bb7 22. Bb5 Kg7 23. Kb2 Rfd8 24. f4 exf4 25. Re7+ Kh6 26. Rd4 Kg5 27. Rxh7 Rh8 28. Rxh8 Rxh8 29. h3 f5 30. Be2 Kh4 31. Bf3 Kg3 32. c4 g5 33. cxd5 g4 34. hxg4 fxg4 35. Be4 Re8 36. Kc3 Rxe4 37. Rxe4 Bxd5 38. Rd4 Bxg2 39. Kd2 f3 40. Ke3 Kh3 41. Rd8 Bh1 42. Rd1 Kh2 43. b4 axb4 44. Rd2+ Bg2 45. a5 g3 0-1

[Event "Oberliga Baden 0809"]
[Site "Germany"]
[Date "2009.03.01"]
[Round "7.6"]
[White "Sandmeier, Toni"]
[Black "Golf, Ekkehard"]
[Result "0-1"]
[WhiteElo "2211"]
[BlackElo "2223"]
[PlyCount "78"]
[EventDate "2008.10.05"]
[EventType "team-tourn"]
[EventRounds "9"]
[EventCountry "GER"]
[SourceTitle "EXT 2010"]
[Source "ChessBase"]
[SourceDate "2010.11.25"]
[SourceVersion "1"]
[SourceVersionDate "2010.11.25"]
[SourceQuality "1"]
[WhiteTeam "Eppingen II"]
[BlackTeam "Viernheim"]
[WhiteTeamCountry "GER"]
[BlackTeamCountry "GER"]

1. c4 c6 2. Nf3 d5 3. b3 Bg4 4. Ne5 Bf5 5. Bb2 f6 6. Nf3 e5 7. g3 Qb6 8. cxd5 cxd5 9. Bg2 Nc6 10. 0-0 Bd6 11. Nh4 Be6 12. Nc3 Nge7 13. e4 d4 14. Nd5 Bxd5 15. exd5 Nb4 16. f4 Nd3 17. Qh5+ g6 18. Nxg6 Nxg6 19. f5 0-0-0 20. fxg6 Nxb2 21. g7 Rhg8 22. Qxh7 Kb8 23. Rxf6 Qc7 24. Raf1 Rxg7 25. Qb1 Ba3 26. Rc1 Qe7 27. Re6 Qg5 28. Qe4 Nd3 29. Rc2 Nc5 30. Qxe5+ Qxe5 31. Rxe5 d3 32. Rc4 b5 33. Rh4 Bc1 34. b4 Na4 35. Re3 Nb2 36. Re6 Bxd2 37. d6 Bc3 38. Rh5 Bd4+ 39. Kf1 Rf7+ 0-1

[Event "Einhausen op"]
[Site "Einhausen"]
[Date "2009.??.??"]
[Round "3"]
[White "Weller, Karl"]
[Black "Golf, Ekkehard"]
[Result "0-1"]
[WhiteElo "2085"]
[BlackElo "2205"]
[PlyCount "100"]
[EventDate "2009.??.??"]
[EventType "swiss"]
[EventRounds "7"]
[EventCountry "GER"]
[SourceTitle "EXT 2011"]
[Source "ChessBase"]
[SourceDate "2010.11.26"]
[SourceVersion "1"]
[SourceVersionDate "2010.11.26"]
[SourceQuality "1"]

1. c4 e6 2. e4 d5 3. exd5 exd5 4. cxd5 Nf6 5. Nc3 Bd6 6. Nf3 0-0 7. Be2 Nbd7 8. d4 Nb6 9. Bg5 h6 10. Bh4 Bf5 11. 0-0 Bf4 12. Bd3 Bxd3 13. Qxd3 g5 14. Qf5 Nbxd5 15. Bg3 Bxg3 16. hxg3 c6 17. Rfe1 Qc8 18. Nxd5 Nxd5 19. Qe5 f6 20. Qe4 Kg7 21. a3 Qd7 22. Rad1 a6 23. Qc2 Rae8 24. Kf1 Rxe1+ 25. Rxe1 Re8 26. Rxe8 Qxe8 27. Qf5 Nc7 28. Qd3 Qd7 29. Qe4 Qe6 30. Nd2 f5 31. Qxe6 Nxe6 32. Nb3 Kf6 33. Ke1 Ke7 34. Kd2 Kd6 35. Kc3 Kd5 36. Kd3 h5 37. Ke3 b6 38. f4 gxf4+ 39. gxf4 h4 40. a4 a5 41. Nc1 Nxd4 42. Nd3 Nb3 43. Ne5 Nc5 44. Ng6 Nxa4 45. Ne7+ Ke6 46. Nxc6 Nxb2 47. Nd4+ Kf6 48. Nb5 Na4 49. Kd4 Nc5 50. Nc7 Ne6+ 0-1

[Event "Oberliga Baden 0809"]
[Site "Germany"]
[Date "2008.11.30"]
[Round "3.8"]
[White "Blaeser, Stephane"]
[Black "Golf, Ekkehard"]
[Result "1/2-1/2"]
[WhiteElo "2099"]
[BlackElo "2223"]
[PlyCount "41"]
[EventDate "2008.10.05"]
[EventType "team-tourn"]
[EventRounds "9"]
[EventCountry "GER"]
[SourceTitle "EXT 2010"]
[Source "ChessBase"]
[SourceDate "2010.11.25"]
[SourceVersion "1"]
[SourceVersionDate "2010.11.25"]
[SourceQuality "1"]
[WhiteTeam "Wiehre"]
[BlackTeam "Viernheim"]
[WhiteTeamCountry "GER"]
[BlackTeamCountry "GER"]

1. e4 Nc6 2. Nc3 e6 3. d4 d5 4. e5 f6 5. exf6 Nxf6 6. Nf3 Bd6 7. Bg5 Bd7 8. Bb5 0-0 9. 0-0 Qe8 10. Re1 Qh5 11. Bxf6 Rxf6 12. Bxc6 Bxc6 13. Ne5 Qf5 14. Qd2 Raf8 15. Nd1 Qh5 16. h3 Qe8 17. c3 a6 18. Rc1 Bb5 19. b3 Rf5 20. a4 Bd7 21. Nd3 1/2-1/2

[Event "Oberliga Baden 0809"]
[Site "Germany"]
[Date "2008.10.26"]
[Round "2.4"]
[White "Golf, Ekkehard"]
[Black "Reinhardt, Bernd"]
[Result "0-1"]
[WhiteElo "2223"]
[BlackElo "2344"]
[PlyCount "102"]
[EventDate "2008.10.05"]
[EventType "team-tourn"]
[EventRounds "9"]
[EventCountry "GER"]
[SourceTitle "EXT 2010"]
[Source "ChessBase"]
[SourceDate "2010.11.25"]
[SourceVersion "1"]
[SourceVersionDate "2010.11.25"]
[SourceQuality "1"]
[WhiteTeam "Viernheim"]
[BlackTeam "Buchen"]
[WhiteTeamCountry "GER"]
[BlackTeamCountry "GER"]

1. e4 d6 2. d4 Nf6 3. Nc3 Nbd7 4. Nf3 e5 5. Bc4 Be7 6. 0-0 0-0 7. Re1 c6 8. a4 b6 9. b3 Bb7 10. d5 Rc8 11. dxc6 Bxc6 12. Nb5 Bxe4 13. Nxa7 Ra8 14. Nb5 d5 15. Bd3 Bb4 16. c3 Bxd3 17. Qxd3 e4 18. Qd2 Bc5 19. Nfd4 Ne5 20. Qg5 Nfg4 21. h3 Qxg5 22. Bxg5 f6 23. Bd2 Nh6 24. Bxh6 gxh6 25. Nf5 Nd3 26. Re2 Kf7 27. b4 Be7 28. Nc7 Rad8 29. a5 bxa5 30. Rxa5 Nf4 31. Re3 Rd7 32. Nb5 Rb8 33. Nbd4 Bf8 34. Kh2 Rc8 35. Nb5 Ne6 36. Re1 Kg6 37. g4 h5 38. Ne3 hxg4 39. hxg4 d4 40. Rd1 d3 41. Kg3 Bh6 42. Nf5 Bf4+ 43. Kg2 Be5 44. f3 h5 45. fxe4 hxg4 46. Kf1 Rh8 47. Raa1 Rh1+ 48. Kg2 Rh2+ 49. Kg1 Rdh7 50. Nbd4 Nxd4 51. cxd4 Bf4 0-1

[Event "Oberliga Baden 0708"]
[Site "Germany"]
[Date "2007.11.04"]
[Round "2.8"]
[White "Wenner, Tobias"]
[Black "Golf, Ekkehard"]
[Result "0-1"]
[WhiteElo "2240"]
[BlackElo "2171"]
[PlyCount "66"]
[EventDate "2007.10.21"]
[EventType "team-tourn"]
[EventRounds "9"]
[EventCountry "GER"]
[SourceTitle "EXT 2009"]
[Source "ChessBase"]
[SourceDate "2008.11.26"]
[SourceVersion "1"]
[SourceVersionDate "2008.11.26"]
[SourceQuality "1"]
[WhiteTeam "Eppingen II"]
[BlackTeam "Viernheim"]
[WhiteTeamCountry "GER"]
[BlackTeamCountry "GER"]

1. Nf3 d5 2. c4 d4 3. g3 c5 4. d3 Nc6 5. Bg2 e5 6. 0-0 Bd6 7. Na3 Bg4 8. Nc2 Qd7 9. Re1 Nge7 10. Rb1 0-0 11. Nd2 f5 12. a3 a5 13. b4 cxb4 14. axb4 Nxb4 15. Nf3 Nec6 16. Nxb4 Nxb4 17. Ba3 Rae8 18. Qb3 Bc5 19. Nd2 b6 20. Bxb4 Bxb4 21. c5+ Kh8 22. c6 Qc7 23. Qc2 Rf6 24. Rxb4 axb4 25. Qb3 e4 26. dxe4 Rxc6 27. Qxb4 Rc1 28. Nf1 Rxe1 29. Qxe1 fxe4 30. Qb4 Qc5 31. Qa4 b5 32. Qa2 Qc4 33. Qd2 Bxe2 0-1

[Event "Oberliga Baden 0607"]
[Site "Germany"]
[Date "2007.04.01"]
[Round "8.8"]
[White "Schmidt, Wolfgang"]
[Black "Golf, Ekkehard"]
[Result "0-1"]
[WhiteElo "2268"]
[BlackElo "2165"]
[PlyCount "82"]
[EventDate "2006.10.15"]
[EventType "team-tourn"]
[EventRounds "9"]
[EventCountry "GER"]
[SourceTitle "EXT 2008"]
[Source "ChessBase"]
[SourceDate "2007.11.25"]
[SourceVersion "1"]
[SourceVersionDate "2007.11.25"]
[SourceQuality "1"]
[WhiteTeam "Freiburg"]
[BlackTeam "Viernheim"]
[WhiteTeamCountry "GER"]
[BlackTeamCountry "GER"]

1. e4 e6 2. d4 d5 3. Nd2 f5 4. exf5 exf5 5. Bd3 Nf6 6. Ne2 Bd6 7. Nf3 0-0 8. 0-0 Ne4 9. c4 dxc4 10. Bxc4+ Kh8 11. Nc3 Nxc3 12. bxc3 Nc6 13. Ng5 Qe8 14. f4 Qg6 15. Rf3 Na5 16. Be2 h6 17. Rh3 b6 18. Bf3 Bb7 19. Bxb7 Nxb7 20. Nf3 Na5 21. Ne5 Bxe5 22. fxe5 Nc4 23. Qe2 b5 24. Rg3 Qe6 25. Qh5 Qe8 26. Rg6 Rf6 27. Rg5 Qxh5 28. Rxh5 Rff8 29. Bf4 Kh7 30. Rf1 g5 31. Bxg5 Kg6 32. Rxh6+ Kxg5 33. Rh7 f4 34. Rg7+ Kf5 35. g3 Ke4 36. gxf4 Ne3 37. Rf2 Rxf4 38. Rxf4+ Kxf4 39. Rxc7 Rg8+ 40. Kf2 Rg2+ 41. Ke1 Ke4 0-1

[Event "Verbandsliga Nord Baden 0506"]
[Site "Germany"]
[Date "2006.05.07"]
[Round "9.2"]
[White "Golf, Ekkehard"]
[Black "Arlt, Reinhard"]
[Result "1/2-1/2"]
[WhiteElo "2165"]
[BlackElo "2204"]
[PlyCount "111"]
[EventDate "2005.10.16"]
[EventType "team"]
[EventRounds "9"]
[EventCountry "GER"]
[SourceTitle "EXT 2007"]
[Source "ChessBase"]
[SourceDate "2006.11.23"]
[SourceVersion "1"]
[SourceVersionDate "2006.11.23"]
[SourceQuality "1"]
[WhiteTeam "Viernheim II"]
[BlackTeam "Karlsruhe II"]
[WhiteTeamCountry "GER"]
[BlackTeamCountry "GER"]

1. e4 e6 2. d4 d5 3. Nc3 Bb4 4. exd5 exd5 5. Bd3 Nc6 6. Nge2 Nf6 7. 0-0 0-0 8. Bg5 Be7 9. Re1 h6 10. Bf4 Nb4 11. Ng3 Nxd3 12. Qxd3 Bd6 13. Be5 c6 14. Nce2 Bxe5 15. dxe5 Ng4 16. Nd4 Re8 17. f4 c5 18. Ndf5 Bxf5 19. Nxf5 g6 20. Nd6 Qh4 21. h3 Qf2+ 22. Kh1 Qxe1+ 23. Rxe1 Nf2+ 24. Kh2 Nxd3 25. cxd3 Re7 26. g4 Rd8 27. f5 Rxe5 28. Rxe5 Rxd6 29. Re7 Rb6 30. f6 Rxf6 31. Rxb7 Rb6 32. Rxa7 Rxb2+ 33. Kg3 Rd2 34. Ra3 d4 35. Kf4 Re2 36. Ra5 Re3 37. h4 Rxd3 38. Rxc5 Ra3 39. Rd5 d3 40. g5 hxg5+ 41. hxg5 Kg7 42. Ke3 d2+ 43. Kxd2 Rxa2+ 44. Ke3 Ra4 45. Kf3 Kf8 46. Re5 Ra1 47. Kg3 Ra4 48. Kf3 Rh4 49. Kg3 Rh5 50. Kf4 f5 51. gxf6 Rxe5 52. Kxe5 Kf7 53. Kf4 Kxf6 54. Kg4 g5 55. Kg3 Kf5 56. Kf3 1/2-1/2

[Event "Verbandsliga Nord Baden 0506"]
[Site "Germany"]
[Date "2006.01.15"]
[Round "5.3"]
[White "Tavakolian, Martin"]
[Black "Golf, Ekkehard"]
[Result "1/2-1/2"]
[WhiteElo "2157"]
[BlackElo "2165"]
[PlyCount "99"]
[EventDate "2005.10.16"]
[EventType "team"]
[EventRounds "9"]
[EventCountry "GER"]
[SourceTitle "EXT 2007"]
[Source "ChessBase"]
[SourceDate "2006.11.23"]
[SourceVersion "1"]
[SourceVersionDate "2006.11.23"]
[SourceQuality "1"]
[WhiteTeam "Mannheim Lindenhof"]
[BlackTeam "Viernheim II"]
[WhiteTeamCountry "GER"]
[BlackTeamCountry "GER"]

1. e4 Nc6 2. d4 e5 3. Nf3 exd4 4. Bc4 Be7 5. 0-0 d6 6. Nxd4 Nxd4 7. Qxd4 Bf6 8. Qd3 Ne7 9. Nc3 0-0 10. Be3 Nc6 11. f4 Re8 12. Rae1 a6 13. a4 Bxc3 14. bxc3 Be6 15. Rf3 Bxc4 16. Qxc4 Qe7 17. Bd4 Qe6 18. Qb3 Qxb3 19. cxb3 Nxd4 20. cxd4 d5 21. e5 Re6 22. Rc3 c6 23. f5 Rh6 24. g4 Rh4 25. h3 h5 26. Rg3 Kf8 27. Kg2 hxg4 28. Rxg4 Rxg4+ 29. hxg4 Ke7 30. Rh1 Rg8 31. Kf3 g6 32. Rh7 gxf5 33. gxf5 Rg1 34. Kf2 Rg4 35. Kf3 Rg1 36. f6+ Ke6 37. Rh3 Rc1 38. Ke2 c5 39. Kd2 Rb1 40. Kc2 Rf1 41. Rh8 Rf2+ 42. Kd3 Rf3+ 43. Ke2 Rxb3 44. Re8+ Kf5 45. dxc5 Rb4 46. Re7 Rxa4 47. Rxb7 Kxe5 48. Rxf7 Rc4 49. Ra7 Kxf6 50. Rxa6+ 1/2-1/2

[Event "Verbandsliga Nord Baden 0405"]
[Site "Germany"]
[Date "2004.12.05"]
[Round "4.5"]
[White "Kubacsny, Vilmos"]
[Black "Golf, Ekkehard"]
[Result "0-1"]
[WhiteElo "2104"]
[BlackElo "2132"]
[PlyCount "92"]
[EventDate "2004.10.10"]
[EventType "team"]
[EventRounds "9"]
[EventCountry "GER"]
[SourceTitle "EXT 2007"]
[Source "ChessBase"]
[SourceDate "2006.11.23"]
[SourceVersion "1"]
[SourceVersionDate "2006.11.23"]
[SourceQuality "1"]
[WhiteTeam "Conweiler"]
[BlackTeam "Viernheim II"]
[WhiteTeamCountry "GER"]
[BlackTeamCountry "GER"]

1. b3 Nf6 2. Bb2 d6 3. d3 Bg4 4. h3 Bh5 5. g4 Bg6 6. Bg2 c6 7. Nf3 Nbd7 8. Nbd2 Qa5 9. e4 e5 10. 0-0 Be7 11. Nc4 Qc7 12. a4 0-0-0 13. Qe2 h6 14. a5 Nh7 15. Ne3 Ng5 16. c4 Ne6 17. b4 Nf4 18. Qd1 h5 19. Nd5 cxd5 20. cxd5 f6 21. Rc1 Nc5 22. bxc5 dxc5 23. g5 Bd6 24. Nh4 Bh7 25. g6 Bxg6 26. Nxg6 Nxg6 27. d4 exd4 28. Bxd4 Nf4 29. Qd2 b6 30. Rc4 Qd7 31. Bxc5 bxc5 32. Rfc1 Kb8 33. a6 Ka8 34. e5 fxe5 35. Rxf4 exf4 36. Rxc5 f3 37. Bxf3 Rc8 38. Rc6 Rh6 39. Qc2 Rb8 40. Bg2 Rf6 41. f4 Qe8 42. Be4 Rxf4 43. Rxd6 Rxe4 44. Re6 Rxe6 45. dxe6 Rb6 46. e7 Qg6+ 0-1

[Event "Karl Mala Memorial op 08th"]
[Site "Frankfurt"]
[Date "2004.07.22"]
[Round "1"]
[White "Golf, Ekkehard"]
[Black "Schild, Christoph"]
[Result "1-0"]
[WhiteElo "2087"]
[BlackElo "2214"]
[PlyCount "127"]
[EventDate "2004.07.22"]
[EventType "swiss"]
[EventRounds "7"]
[EventCountry "GER"]
[SourceTitle "EXT 2005"]
[Source "ChessBase"]
[SourceDate "2004.11.15"]
[SourceVersion "1"]
[SourceVersionDate "2004.11.15"]
[SourceQuality "1"]

1. e4 e6 2. d4 d5 3. Nc3 Nf6 4. exd5 exd5 5. Bd3 Bd6 6. Nge2 0-0 7. Ng3 Re8+ 8. Nce2 c5 9. c3 cxd4 10. cxd4 Nc6 11. 0-0 Qb6 12. Kh1 Ne4 13. a3 f5 14. b4 a5 15. b5 Nxg3+ 16. fxg3 Nxd4 17. Bb2 Nxe2 18. Bxe2 Be6 19. Rc1 Bc5 20. Qd3 Rac8 21. Bh5 Re7 22. Bf3 Qd6 23. Rfe1 b6 24. Rcd1 Rd8 25. Be5 Qd7 26. Bf4 Bf7 27. Rxe7 Qxe7 28. Qxf5 Bxa3 29. Bg5 Qd7 30. Qd3 Be7 31. Be3 Bc5 32. Bg5 Be7 33. Be3 d4 34. Bc6 Qe6 35. Bf4 Bc5 36. h4 Qb3 37. Qe2 a4 38. Bc7 Rf8 39. Be5 Qe6 40. Qe4 Rd8 41. Qf4 a3 42. Qg5 Qxe5 43. Qxe5 a2 44. Qg5 Rd6 45. Qd2 d3 46. Ra1 Kf8 47. Be4 Bd4 48. Rxa2 Bxa2 49. Qxa2 Be3 50. Qa8+ Kf7 51. Qb7+ Kf6 52. Bxh7 Bc5 53. Qf3+ Ke7 54. Bxd3 Re6 55. Kh2 Re3 56. Qb7+ Kf6 57. Be4 Ra3 58. Bf3 Re3 59. Qd7 Re7 60. Qd5 Re5 61. Qd8+ Re7 62. g4 g6 63. Kh3 Ke6 64. g5 1-0